000
00199 a2200097 4500
001
1687
100
_a
French T.E.
245
_a
Mechanical Drawing
260
_a
_b
Mcgraw-Hill
_c
090
_c
1224
_d
1224
942
_a
NUST-CAE
_c
M
_c
2492
999
_c
236760
_d
236760